000 00362nam a2200169Ia 4500
100 _aKappel/Gerti/ Proll/Bigit
650 _aWeb engineeirng
942 _cBK
366 _f25
654 _aweb engineering
245 _aWeb Engineering
260 _bWiley India
_aMumbai
_c2003
082 _a4.65
_bKAP
300 _a366
546 _aENGLISH
999 _c19140
_d19140